[Event "18th Bangkok Open 2018"]
[Site "Bangkok"]
[Date "2018.04.16"]
[Round "4"]
[White "Priasmoro, Novendra"]
[Black "Vaingorten, Yaaqov"]
[Result "1-0"]
[WhiteElo "2449"]
[BlackElo "2226"]
[Annotator "TA"]
[PlyCount "92"]
[EventDate "2018.??.??"]
[EventType "swiss"]
[EventCountry "THA"]
[SourceTitle "playchess.com"]
[Source "ChessBase"]
[SourceQuality "1"]

{[%evp 25,92,54,80,63,82,79,139,64,54,52,153,164,173,163,147,0,0,0,0,0,0,0,0,0,0,0,0,0,0,0,0,0,0,0,0,0,16,8,8,8,16,16,38,8,10,8,8,10,33,0,588,588,695,667,663,592,1119,1077,29986,29987,29987,29988,29988,29989,29989,0,29982,29983,29999]} 1. e4 e5 2. Nf3 Nc6 3. Bb5 f5 4. d3 fxe4 5. dxe4 Nf6 6. O-O Bc5 7. Bxc6 bxc6 8. Nxe5 O-O 9. Bg5 d6 {C63: Ruy Lopez: Schliemann/Jaenisch Defence} 10. Nd3 Bd4 11. c3 Bb6 12. Nd2 Qe8 13. Bxf6 Rxf6 {LiveBook: 6 Games} 14. c4 {[#]} Qf7 $146 ({Predecessor:} 14... Qg6 15. Kh1 Bg4 16. f3 Be6 17. f4 {1-0 (47) Macieja,B (2606)-Radjabov,T (2742) Khanty-Mansiysk 2007}) 15. Rc1 h5 (15... Rg6 $142) 16. Kh1 (16. Qa4 $16) 16... Bxf2 $14 17. e5 Bg4 (17... Rf5 $1 $14) 18. Qa4 $16 Rf5 19. e6 $1 {[%cal Re6f7]} ({Don't play} 19. Rxf2 $6 Rxf2 20. Nxf2 Qxf2 $14) 19... Qxe6 {...Be3 is the strong threat.} 20. Rxf2 (20. Nxf2 $16 Be2 21. Rce1 (21. Qxc6 Raf8 $16)) 20... Qe3 $1 $11 {And now ...Raf8 would win.} 21. Rxf5 Bxf5 22. Qxc6 Rf8 23. Qd5+ Be6 24. Qe4 Qxd2 25. Qxe6+ Kh8 {( -> ...Qxc1+!)} 26. Rg1 Qxd3 {[%mdl 4096] Endgame KQR-KQR} 27. Qe7 Rf2 28. Qe8+ Kh7 29. Qxh5+ Kg8 30. Qb5 Qe2 31. Qb8+ Kh7 32. Qxa7 Qxb2 33. a4 c5 34. Qe7 Qd4 35. Qe6 $36 {[%mdl 2048] Black is under pressure.} Ra2 36. Qf5+ Kh6 37. Rf1 Rxa4 $2 {[%mdl 8192]} (37... Ra1 $11 {and Black has nothing to worry.}) 38. g4 $18 {[%csl Gg4][%cal Rf5h5,Bg2g4,Bg4g5][%mdl 32]} Qe5 39. g5+ $1 Kh5 {Strongly threatening ...Qxf5.} 40. Qh7+ Kg4 {[#] Threatens to win with ...Ra1.} 41. h3+ $1 Kg3 42. Qd3+ Kh4 {[#]} 43. Rg1 $1 {[%cal Rd3h7]} g6 44. Qxg6 {[%cal Rg6h7]} Qh8 45. Rg4+ Kxh3 {Hoping for ...Ra1+.} 46. Qf5 {[%cal Rf5f3]} Ra2 {Precision: White = 71%, Black = 46%.} 1-0

[Event "18th Bangkok Open 2018"]
[Site "Bangkok"]
[Date "2018.04.16"]
[Round "4"]
[White "Peng, Xiongjian"]
[Black "Flores, Diego"]
[Result "0-1"]
[WhiteElo "2424"]
[BlackElo "2601"]
[Annotator "TA"]
[PlyCount "100"]
[EventDate "2018.??.??"]
[EventType "swiss"]
[EventCountry "THA"]
[SourceTitle "playchess.com"]
[Source "ChessBase"]
[SourceQuality "1"]

{[%evp 20,100,11,-4,20,9,30,33,26,-19,-19,-18,-4,-39,-21,-83,-78,-66,-49,-60,-54,-60,-55,-60,-56,-55,-56,-75,-65,-64,-70,-56,-19,-35,-8,-2,-2,-56,-69,-82,-74,-83,-89,-83,-80,-93,-91,-513,-17,-484,-489,-1118,-1152,-1088,-1075,-1075,-636,-1077,-1005,-1153,-1173,-1243,-1197,-1314,-1250,-1156,-1200,-2094,-1313,-1932,-1456,-29967,-29969,-29967,-29968,-29976,-29977,-29980,-29981,-29983,-29984,-29984,-29985]} 1. e4 c5 2. Nc3 a6 3. Nf3 b5 4. d4 cxd4 5. Nxd4 Bb7 6. a3 e6 7. Be2 d6 8. f4 Nf6 9. Bf3 Qc7 10. O-O Nbd7 11. Qe1 {LiveBook: 7 Games. B84: Sicilian Scheveningen: 6 Be2 a6, lines without early Be3} e5 $146 ({Predecessor:} 11... Be7 12. Kh1 h5 13. Be3 Ng4 14. Bg1 g5 15. fxg5 Bxg5 16. e5 d5 17. Nxd5 Bxd5 18. Bxd5 exd5 {½-½ (46) Timofeev,A (2671)-Kotsur,P (2563) Moscow 2009}) 12. Nde2 Be7 13. Ng3 {White has an edge.} g6 14. fxe5 Nxe5 15. Bh6 Nfg4 16. Bxg4 (16. Bg7 {is more complex.} Rg8 17. Bxe5 Nxe5 18. Nge2 Qc5+ 19. Kh1) 16... Nxg4 17. Qd2 (17. Bf4 $11) 17... Nxh6 $17 18. Qxh6 Bf8 19. Qe3 Bg7 20. Nd5 Bxd5 21. exd5+ Be5 22. c3 O-O 23. Qd3 Rfe8 24. Ne4 Re7 25. Nf6+ Kg7 26. Qf3 Bxf6 27. Qxf6+ Kg8 28. Rf2 (28. a4 $11) 28... Rae8 $15 29. Raf1 Qc5 30. Qd4 Qxd4 31. cxd4 $17 {[%mdl 4096] Endgame KRR-KRR} Rc8 32. Rf6 Rc2 33. R1f2 $2 {[%mdl 8192] [#]} ({Don't blunder} 33. Rxd6 $2 Ree2 $19) (33. R6f2 $17 {is a better chance.} Rc4 34. Rd1) 33... Re1+ $19 34. Rf1 Ree2 35. R1f2 (35. R1f4 $142 Rxg2+ 36. Kf1) 35... Rxf2 36. Rxf2 {KR-KR} Rc1+ 37. Rf1 {[#]} Rxf1+ $1 38. Kxf1 {KP-KP} Kg7 39. Kf2 Kf6 40. Kf3 Kg5 41. h3 h5 {[%cal Bh7h5,Bh5h4][%mdl 32]} 42. Ke4 h4 43. b3 f5+ {[%cal Bf7f5,Bf5f4][%mdl 32]} 44. Ke3 Kf6 45. a4 bxa4 {Black mates.} 46. bxa4 g5 {[%cal Bg6g5,Bg5g4][%mdl 32]} 47. Kf3 f4 48. Kg4 a5 49. Kh5 Kf5 50. Kh6 g4 {Precision: White = 36%, Black = 83%.} 0-1

[Event "18th Bangkok Open 2018"]
[Site "Bangkok"]
[Date "2018.04.16"]
[Round "4"]
[White "Gukesh D"]
[Black "Short, Nigel D"]
[Result "1-0"]
[WhiteElo "2401"]
[BlackElo "2662"]
[Annotator "TA"]
[PlyCount "116"]
[EventDate "2018.??.??"]
[EventType "swiss"]
[EventCountry "THA"]
[SourceTitle "playchess.com"]
[Source "ChessBase"]
[SourceQuality "1"]

{[%evp 12,116,0,-5,6,-2,0,-18,3,0,0,-6,8,9,14,-11,0,-51,-49,-53,-50,-57,-57,-50,-53,-53,-53,-60,-50,-43,-35,-41,-37,-41,-47,-85,-85,-85,-93,-92,-91,-93,-85,-89,-89,-91,-89,-96,-99,-126,-122,-156,-151,-155,-114,-119,-113,-134,-136,-143,-141,-142,-139,-132,-140,-141,-154,-146,-139,-146,-147,-164,-159,-200,-200,-185,-192,-168,-203,-204,-189,-195,-183,-213,-175,-232,-179,-179,0,-218,-211,-316,-306,-303,-303,-266,-181,-185,-185,-185,-185,-213,-187,-222,-200,-204,-200]} 1. Nf3 c5 2. g3 g6 3. Bg2 Bg7 4. c3 Nf6 5. d4 Na6 6. O-O O-O 7. a3 {LiveBook: 5 Games. A49: 1 d4 Nf6 2 Nf3 g6 3 g3: Anti-King's Indian systems} d5 (7... b6 8. Ne5 d5 9. Be3 Bb7 10. Nd2 Nd7 11. f4 f6 12. Nef3 e6 13. g4 e5 14. f5 gxf5 15. gxf5 Qe7 16. dxe5 fxe5 17. Ng5 Nc7 {½-½ (17) Sargissian,G (2677)-Kovalev,V (2641) Moscow 2018}) 8. b4 b6 $146 ({Predecessor:} 8... cxd4 9. cxd4 Ne4 10. Bb2 Bf5 11. Nbd2 Rc8 12. Qb3 Nc7 13. Rfc1 Qd7 14. a4 Rfd8 15. e3 h5 16. h4 Ne8 17. b5 {½-½ (17) Mirumian,V (2511)-Rausis,I (2512) Czechia 2013}) 9. Bf4 {The position is equal.} cxd4 10. cxd4 Nc7 11. Nc3 Bb7 12. Rc1 Rc8 13. b5 Ne4 14. Nxe4 (14. Bh3 $11 Ne6 15. Bxe6 Rxc3 16. Rxc3 Nxc3 17. Qd3) 14... dxe4 $15 15. Bxc7 Rxc7 16. Ne5 Rxc1 17. Qxc1 Qxd4 18. Nc6 Bxc6 $1 19. bxc6 Rc8 20. Qc2 $1 f5 21. Qb3+ Kf8 22. Rd1 Qe5 $1 23. Rd5 Qc3 24. Qxc3 Bxc3 $17 {[%mdl 4096] Endgame KRB-KRB} 25. g4 e6 26. Rd6 Ke7 27. Rd7+ Kf6 28. Rxa7 h6 29. c7 Be5 30. Rb7 Bxc7 31. e3 {[#]} Bd8 $1 32. h3 Ra8 33. Bf1 Rxa3 34. Rb8 Bc7 35. Rc8 Rc3 36. Kg2 g5 37. gxf5 exf5 38. Rf8+ Ke5 39. Ba6 Rc6 40. Bc8 Rf6 41. Re8+ Kd6 42. f3 exf3+ 43. Kxf3 b5 {[%cal Bb6b5,Bb5b4][%mdl 32]} 44. e4 fxe4+ 45. Kxe4 b4 46. Kd3 Kd5 47. Bg4 Bd6 48. Rd8 (48. Re1 {was worth a try.}) 48... Ke5 49. Re8+ Kd5 50. Rd8 $1 Rf4 51. Kc2 (51. Re8 {was necessary.}) 51... Rf2+ $19 52. Kb3 Rf8 53. Rd7 Ke5 54. Rh7 {[#]Black is clearly better.} Rf6 $1 55. Rh8 Bf8 56. Rh7 Ra6 57. Rh8 Ra3+ 58. Kc2 Ra2+ {[%mdl 32768] Precision: White = 54%, Black = 71%. . Loss on Time!?} 1-0

[Event "18th Bangkok Open 2018"]
[Site "Bangkok"]
[Date "2018.04.16"]
[Round "4"]
[White "Batchimeg, Tuvshintugs"]
[Black "Smirnov, Anton"]
[Result "0-1"]
[WhiteElo "2391"]
[BlackElo "2546"]
[Annotator "TA"]
[PlyCount "70"]
[EventDate "2018.??.??"]
[EventType "swiss"]
[EventCountry "THA"]
[SourceTitle "playchess.com"]
[Source "ChessBase"]
[SourceQuality "1"]

{[%evp 15,70,8,-4,-8,0,0,2,0,25,26,20,16,16,33,29,22,39,40,40,38,81,43,33,0,0,0,0,0,0,0,0,0,0,0,0,-11,0,-32,-40,-37,-45,-65,-45,-71,-84,-172,-172,-172,-172,-172,-181,-202,-197,-182,-182,-260,-247]} 1. d4 Nf6 2. c4 e6 3. Nc3 Bb4 4. f3 d5 5. a3 Bxc3+ 6. bxc3 c5 7. cxd5 Nxd5 8. dxc5 f5 {LiveBook: 190 Games} 9. e3 {E25: Nimzo-Indian: Sämisch: 5...c5 6 f3 d5 7 cxd5} (9. c4 Qf6 10. Bd2 Ne7 11. Qc1 O-O 12. e3 Nd7 13. Nh3 Nxc5 14. Be2 Nb3 {0-1 (14) Mamedyarov,S (2799)-Ivanchuk,V (2726) Huaian 2017}) 9... Qa5 10. Qd2 $146 ({Predecessor:} 10. Qb3 Nd7 11. e4 fxe4 12. fxe4 Qxc3+ 13. Qxc3 Nxc3 14. Be3 Nxe4 15. Rc1 b6 16. Bb5 Nexc5 {0-1 (65) Shamima,A (2147)-Mkrtchian,L (2453) Tromsoe 2014}) 10... Qxc5 11. c4 {The position is equal.} Nf6 12. a4 Nc6 13. Ba3 Qa5 14. Ne2 Qxd2+ 15. Kxd2 Na5 16. Nd4 Bd7 17. Bb4 Nc6 18. Nxc6 Bxc6 19. Kc3 a5 20. Bd6 Kf7 21. Be2 Rhc8 22. Kb3 Nd7 23. Rhd1 b6 24. Ka3 Nc5 25. Rdb1 Rd8 26. Bxc5 bxc5 27. Rb6 Rd2 28. Bf1 Be8 29. Rb7+ Kf6 30. Ra2 (30. e4 $17 {is a better defense.}) 30... Rxa2+ $19 31. Kxa2 {[#]} Rd8 $1 32. Rb2 Rd1 33. Be2 Rg1 34. Bd3 Bxa4 35. Bb1 (35. Ka3 {was necessary.} Be8 36. Kb3) 35... Re1 {Precision: White = 54%, Black = 79%.} 0-1

[Event "18th Bangkok Open 2018"]
[Site "Bangkok"]
[Date "2018.04.16"]
[Round "4"]
[White "Kulkarni Bhakti"]
[Black "Lorparizangeneh, Shahin"]
[Result "1/2-1/2"]
[WhiteElo "2317"]
[BlackElo "2508"]
[Annotator "TA"]
[PlyCount "112"]
[EventDate "2018.??.??"]
[EventType "swiss"]
[EventCountry "THA"]
[SourceTitle "playchess.com"]
[Source "ChessBase"]
[SourceQuality "1"]

{[%evp 14,112,29,-20,-15,-29,0,-2,0,-18,-19,-15,0,12,22,7,14,8,7,7,0,0,58,-93,62,64,56,51,45,41,53,0,0,0,0,0,12,4,35,38,30,21,18,31,22,18,41,26,28,40,15,0,0,0,0,0,0,-24,-22,-28,-34,-25,-28,-30,0,0,29,-19,0,-22,0,0,0,0,0,0,0,0,0,0,0,-8,-8,-8,-8,-8,-8,-4,0,0,0,0,0,0,0,0,0,0,0,0,0]} 1. d4 Nf6 2. c4 e6 3. Nf3 c5 4. d5 b5 5. dxe6 fxe6 6. cxb5 a6 {E10: Blumenfeld Gambit} 7. e3 (7. bxa6 Bxa6 8. g3 Nc6 9. Bg2 Be7 10. O-O O-O 11. Nc3 Qe8 12. Re1 d5 13. Bh3 Bd8 14. Ng5 {0-1 (26) Inarkiev,E (2689)-Tregubov,P (2575) Riadh 2017}) 7... d5 8. Nbd2 {LiveBook: 3 Games} c4 9. bxa6 Nxa6 10. Be2 Bd6 $146 ({Predecessor:} 10... Nc5 11. O-O Bd6 12. Qc2 Ba6 13. b3 cxb3 14. Nxb3 Bxe2 15. Qxe2 Nxb3 {1-0 (37) Schwertel,G-Weissbach,L ICCF corr 1987}) 11. O-O O-O 12. e4 Bb8 13. exd5 exd5 14. Nxc4 dxc4 15. Bxc4+ Kh8 {[#] aiming for ...Qc7.} 16. Qxd8 Rxd8 17. Ng5 {[%cal Bf3g5,Bg5f7,Bf7d6][%mdl 32]} Rd4 ({Black should try} 17... Rf8 $1 $11) 18. Nf7+ $14 Kg8 19. Nd6+ $1 Rxc4 $1 20. Nxc4 {Nb6 is the strong threat.} Be6 21. b3 Nb4 22. Bd2 (22. a3 $14) 22... Nc2 $11 23. Rad1 Rxa2 24. Bc3 Nd5 25. Be5 Ba7 26. Rd2 Bc5 27. Rc1 Ncb4 28. Rxa2 Nxa2 29. Ra1 Nab4 30. Ra8+ Kf7 31. Nd6+ Kg6 32. Ne4 Bb6 33. Bd6 Nd3 34. Kf1 Bf5 35. f3 Ne3+ 36. Ke2 Nc1+ 37. Kd2 Nxb3+ 38. Kc3 Nd4 39. Ra6 {Black must now prevent Bc5.} Ne6 ({But not} 39... Nd5+ $6 40. Kc4 $16) 40. Be5 {Hoping for g4.} Bd8 {The position is equal.} 41. Nc5 Nd5+ 42. Kc4 Nb6+ 43. Kb5 {[#]} Nd7 $1 {[%mdl 512]} 44. Rxe6+ (44. Nxd7 Bd3+) 44... Bxe6 45. Nxe6 Nxe5 46. Nxd8 {[%mdl 4096] Endgame KN-KN} Nd3 47. g3 Ne5 48. f4 Nf3 49. Kc4 Nxh2 {Black wants to play ...Nf1.} 50. Kd4 Nf1 51. g4 Nh2 52. g5 Kf5 53. Ke3 Nf1+ 54. Kf3 Nd2+ 55. Ke3 Nc4+ 56. Kf3 h6 {Precision: White = 78%, Black = 68%.} 1/2-1/2

[Event "18th Bangkok Open 2018"]
[Site "Bangkok"]
[Date "2018.04.16"]
[Round "4"]
[White "Enkhtuul, Altan-Ulzii"]
[Black "Ly, Moulthun"]
[Result "1/2-1/2"]
[WhiteElo "2292"]
[BlackElo "2498"]
[Annotator "TA"]
[PlyCount "115"]
[EventDate "2018.??.??"]
[EventType "swiss"]
[EventCountry "THA"]
[SourceTitle "playchess.com"]
[Source "ChessBase"]
[SourceQuality "1"]

{[%evp 9,115,35,51,4,21,16,0,4,22,-60,-60,-62,-62,-64,-58,-61,-58,-50,-50,-45,-57,-54,-23,-102,-98,-87,-95,-112,-116,-113,-93,-136,-145,-139,-91,-91,-89,-104,-95,-95,-97,-95,-95,-102,-88,-123,-112,-134,-95,-95,-54,-46,-42,-42,-42,-47,-42,-57,-41,-61,-62,-61,-72,-80,-45,-49,-40,-47,-42,-39,-47,-85,-85,-176,-54,-105,-105,-120,-114,-135,-59,-69,-31,-52,-31,-31,-27,-27,-27,-27,-27,-27,-5,-15,0,-6,0,0,0,0,0,0,0,0,0,0,0,-16]} 1. d4 f5 2. Bg5 {[%cal Bc1g5,Bg5h4,Bh4g3][%mdl 32]} h6 3. Bh4 g5 4. Bg3 Nf6 5. e3 d6 {LiveBook: 142 Games} 6. c3 {A80: Dutch Defence: Unusual White second moves} (6. Nc3 e6 7. h4 Rg8 8. hxg5 hxg5 9. f3 Qe7 10. Qd2 Nc6 11. O-O-O Bd7 12. e4 f4 13. Bf2 a6 14. g3 fxg3 15. Bxg3 {0-1 (82) Bluebaum,M (2588)-Vallejo Pons,F (2684) Berlin 2015}) 6... e6 7. Nd2 Nc6 8. Be2 $146 ({Predecessor:} 8. f3 Qe7 9. e4 Bg7 10. Qb3 Bd7 11. O-O-O f4 12. Bf2 a6 13. g3 fxg3 14. hxg3 {0-1 (34) Myc,M (2278)-Grabarczyk,B (2439) Polanica Zdroj 2000}) 8... Qe7 9. Bh5+ (9. Qb3 $11) 9... Nxh5 $15 10. Qxh5+ Qf7 11. Qxf7+ Kxf7 12. h4 Bg7 13. hxg5 hxg5 {[%cal Bh6g5,Bg5g4][%mdl 32]} 14. Rxh8 Bxh8 15. f4 Bf6 16. Nh3 {[#]} (16. fxg5 $11 Bxg5 17. Kf2) 16... g4 $1 $17 {[%cal Rg4h3]} 17. Nf2 b6 18. Kf1 Ne7 19. Kg1 Ba6 20. Re1 c5 21. Nd1 Nc6 22. dxc5 dxc5 23. e4 Rd8 24. Nf1 Na5 25. e5 Be7 26. Nde3 Bd3 27. b3 b5 28. Ra1 Be4 29. Be1 Rd3 30. Nd1 Bb7 31. Nb2 Rd8 32. Rd1 Rc8 33. Ne3 a6 34. c4 Nc6 35. Nc2 Ke8 36. Bf2 Na5 37. Be1 Be4 38. Bxa5 {Na3 is the strong threat.} Bxc2 39. Rc1 Be4 40. Be1 Rd8 41. a3 (41. Ba5 $17 {is a better defense.} Rd7 42. Be1) 41... bxc4 (41... b4 $19 42. Ra1 Kf7) 42. Nxc4 ({Better is} 42. Rxc4 $15 Kf7 43. Rc3) 42... Rd3 43. b4 cxb4 44. axb4 {[#]} Rb3 (44... g3 $1 $17 45. Ra1 Bc6) 45. g3 $15 Bd5 46. Na5 Rb2 47. Nc6 Bf8 48. Nb8 Bb7 49. Nc6 Ra2 50. Kf1 Rh2 51. Kg1 {The position is equal.} Rh7 52. Na5 Rh1+ 53. Kf2 Bd5 {Strongly threatening ...Bxb4!} 54. Rc8+ Kf7 55. Nc4 Bf3 56. Nd6+ Kg7 57. Rc7+ Kg6 58. Rc8 {Precision: White = 55%, Black = 44%.} 1/2-1/2

[Event "18th Bangkok Open 2018"]
[Site "Bangkok"]
[Date "2018.04.19"]
[Round "7"]
[White "Melkumyan, Hrant"]
[Black "Priasmoro, Novendra"]
[Result "0-1"]
[WhiteElo "2669"]
[BlackElo "2449"]
[Annotator "TA"]
[PlyCount "104"]
[EventDate "2018.??.??"]
[EventType "swiss"]
[EventCountry "THA"]
[SourceTitle "playchess.com"]
[Source "ChessBase"]
[SourceQuality "1"]

{[%evp 21,104,45,60,55,102,102,107,112,120,108,126,62,66,16,16,15,27,-33,0,-45,16,0,5,0,10,1,24,-61,-54,-48,-39,-97,-86,-92,-73,-169,-175,-124,-125,-202,-131,-149,57,64,67,29,32,0,0,0,0,0,0,16,32,-358,-351,-487,-487,-396,-311,-529,-529,-979,-954,-885,-826,-1556,-1593,-1329,-1350,-1467,-1440,-1389,-1385,-29983,-29984,-29984,-29985,-29988,-29986,-29992,-29993,-29997,-29998]} 1. d4 Nf6 2. c4 g6 3. Nc3 Bg7 4. e4 d6 5. Nge2 O-O 6. Ng3 c5 7. d5 e6 8. Be2 exd5 9. cxd5 Na6 10. O-O {A65: Modern Benoni: 6 e4} Nc7 11. a4 Rb8 {LiveBook: 7 Games} (11... a6 12. Bg5 h6 13. Be3 Re8 14. Qd2 h5 15. Bg5 Rb8 16. f4 b5 17. axb5 axb5 {0-1 (53) Peralta,F (2551)-Adly,A (2625) Tegernsee 2017}) 12. Bg5 {White is slightly better.} a6 13. f4 $1 h6 14. Bh4 {Strongly threatening e5.} Qe8 15. e5 dxe5 16. d6 (16. Bxf6 $16 Bxf6 17. d6) 16... Ne6 $1 $14 17. Bxf6 Bxf6 18. f5 $146 Nf4 19. Nge4 (19. fxg6 $11 fxg6 20. Nge4) 19... Bd8 $1 $15 20. f6 b5 ({Black should try} 20... Bf5 $15) 21. axb5 $11 axb5 22. Bg4 Qc6 23. Bxc8 Rxc8 24. Qf3 (24. Qg4 $11) 24... c4 25. Kh1 Bb6 26. Ne2 (26. Rad1 $15) 26... Ne6 27. N2g3 b4 28. Rae1 (28. Rad1 $17 Bd4 29. Qg4) 28... c3 $1 $19 29. bxc3 bxc3 {aiming for ...Rfd8.} 30. h4 c2 31. h5 c1=Q $2 ({Better is} 31... Kh8 $1 $17 {White must now prevent ...Rg8.} 32. hxg6 fxg6) 32. Rxc1 $14 Qxc1 33. Rxc1 Rxc1+ 34. Nf1 {Threatens to win with hxg6.} g5 $36 {[%mdl 2048] White is under pressure.} 35. Neg3 Nf4 36. Qb3 Rb8 37. d7 {Qxb6! is the strong threat.} Ne6 {Hoping for ...Bc7.} 38. Qd3 $2 {[%mdl 8192] [#]} (38. Qb2 $14 {stays ahead.} Re1 39. Qc3) 38... Bc7 $1 $19 39. Qe4 ({Much weaker is} 39. Nf5 {[#]} e4 $1 $19 {[%mdl 512]}) 39... Rbb1 40. Qa8+ Bd8 41. Qa6 $2 (41. Kg1) 41... Nc5 42. Qe2 Nxd7 43. Kh2 Nxf6 44. Ne3 e4 {( -> ...Bc7)} 45. Ngf1 Bc7+ 46. g3 Bb6 47. Kg2 Bd4 48. Qa6 Bxe3 {Black mates.} 49. Qxf6 Rxf1 50. Qd8+ Kg7 51. Kh3 {[#]} g4+ $1 52. Kxg4 f5+ {Precision: White = 42%, Black = 61%.} 0-1

[Event "18th Bangkok Open 2018"]
[Site "Bangkok"]
[Date "2018.04.19"]
[Round "7"]
[White "Gustafsson, Jan"]
[Black "Andyka, Pitra"]
[Result "1/2-1/2"]
[WhiteElo "2643"]
[BlackElo "2213"]
[Annotator "TA"]
[PlyCount "80"]
[EventDate "2018.??.??"]
[EventType "swiss"]
[EventCountry "THA"]
[SourceTitle "playchess.com"]
[Source "ChessBase"]
[SourceQuality "1"]

{[%evp 22,80,0,0,0,-23,-25,-20,-21,-49,16,16,74,86,89,38,93,78,84,87,129,115,143,154,160,159,144,154,170,135,135,136,152,158,185,154,176,82,89,81,87,82,84,55,68,59,58,36,23,25,43,0,0,0,0,-9,0,0,0,0,0]} 1. Nf3 Nf6 2. c4 g6 3. Nc3 Bg7 4. g3 O-O 5. Bg2 d6 6. d4 Nbd7 7. O-O e5 8. e4 c6 9. b3 exd4 10. Nxd4 Re8 11. Rb1 {E68: King's Indian: Fianchetto: 6...Nbd7 7 0-0 e5 8 e4} Nc5 12. Re1 {LiveBook: 6 Games} Ng4 13. f3 {[#]} Qb6 $146 {[#] aiming for ...Ne6.} ({Predecessor:} 13... Ne5 14. Re2 a5 15. Be3 a4 16. Rd2 axb3 17. axb3 Qe7 18. Nde2 Bf8 {0-1 (48) Ponkratov,P (2613)-McShane,L (2640) Riadh 2017}) 14. Nce2 $1 Ne5 {Threatening ...Ned3.} 15. Be3 a5 (15... d5 $15 16. cxd5 cxd5) 16. Nf4 $11 g5 (16... Qc7 $11 {keeps the balance.}) 17. Nh5 $16 Bh8 18. Qd2 ({Don't play} 18. Bxg5 Ne6 $15) (18. h3 $16) 18... h6 ({Black should try} 18... Qb4 $14) 19. Red1 Qc7 20. g4 Qe7 21. Ng3 {Black must now prevent Ndf5.} Qf8 {[#]} 22. h4 $1 {[%mdl 512]} f6 (22... gxh4 23. Ndf5) 23. Ndf5 Bxf5 24. Nxf5 Red8 25. Qe2 ({Weaker is} 25. Nxd6 b6 $15) 25... Bg7 26. Rd2 Nf7 27. Rbd1 b6 28. Qf2 Qe8 29. Nxd6 (29. Bf1 $18 {and White stays clearly on top.}) 29... Nxd6 30. Rxd6 Bf8 31. R6d2 Rxd2 32. Rxd2 (32. Qxd2 {with more complications.} Be7 33. f4 Rd8 34. Qe2 gxh4 35. Rxd8 Qxd8 36. e5) 32... Rd8 33. Rxd8 (33. Qe2 {seems wilder.} Rxd2 34. Qxd2 Nd7 35. f4 gxf4 36. Bxf4 Ne5 37. Qd1) 33... Qxd8 34. Qd2 Qxd2 35. Bxd2 $14 {[%mdl 4096] Endgame KBB-KBN} Nd3 36. Bc3 Kf7 {The position is equal.} 37. hxg5 hxg5 38. Bf1 Bc5+ 39. Kg2 Nc1 40. Bd2 Nxa2 {Precision: White = 54%, Black = 60%.} 1/2-1/2

[Event "18th Bangkok Open 2018"]
[Site "Bangkok"]
[Date "2018.04.19"]
[Round "7"]
[White "Flores, Diego"]
[Black "Goh, Wei Ming Kevin"]
[Result "1/2-1/2"]
[WhiteElo "2601"]
[BlackElo "2472"]
[Annotator "TA"]
[PlyCount "87"]
[EventDate "2018.??.??"]
[EventType "swiss"]
[EventCountry "THA"]
[SourceTitle "playchess.com"]
[Source "ChessBase"]
[SourceQuality "1"]

{[%evp 9,87,-50,-46,-52,-50,-52,-57,-50,2,0,10,6,6,12,8,14,9,-194,-22,-26,0,-30,-27,-22,-23,-22,-6,-2,-2,-2,0,0,0,0,0,0,0,0,0,0,0,0,0,0,0,0,0,0,0,0,0,0,6,6,6,0,0,0,0,0,0,0,0,0,0,0,0,0,0,0,0,0,0,0,0,0,0,0,0,0]} 1. c4 c5 2. b3 Nc6 3. Bb2 e5 4. e3 g6 5. d4 $146 ({Predecessor:} 5. Nc3 Bg7 6. g3 f5 7. Bg2 Nf6 8. d3 O-O 9. Nge2 d6 10. O-O Be6 11. a3 d5 12. cxd5 Nxd5 {1-0 (25) Nielsen,P (2700)-Svidler,P (2734) Copenhagen 2010}) 5... cxd4 6. exd4 {A30: Symmetrical English: Double Fianchetto and Hedgehog} Bb4+ 7. Nd2 Nxd4 8. Ne2 {Black is slightly better.} Ne7 ({Better is} 8... Nc6 $1 $15) 9. Nxd4 $11 exd4 {[%cal Be5d4,Bd4c3,Bc3c2][%mdl 32]} 10. a3 Bc3 11. Bxc3 dxc3 12. Ne4 {Threatens to win with Qd4.} O-O $1 13. Nd6 $2 {[#]} (13. Qd3 $11 Qb6 14. Qd6 (14. Qxc3 Qe6 $15)) 13... Qa5 $2 (13... c2 $1 $19 {[%mdl 512]} 14. Qd2 (14. Qxc2 Qa5+) 14... Nc6) 14. Be2 Nf5 (14... c2+ $5 15. Qd2 Qe5 $11) 15. O-O c2 16. Qd3 Nxd6 17. Qxd6 Qc3 {The position is equal.} 18. Qd3 Qb2 {White must now prevent ...d5!} 19. Rfc1 d5 {aiming for ...Bf5.} 20. Qxc2 Qxc2 21. Rxc2 dxc4 22. Bxc4 Bf5 23. Rd2 Rad8 24. Rad1 Rxd2 25. Rxd2 {[%mdl 4096] Endgame KRB-KRB} Re8 26. f3 Kg7 27. Kf2 Be6 28. Re2 Kf6 29. Re4 Re7 30. h4 b5 31. Bxb5 Bxb3 32. Rxe7 (32. Rb4 {with more complications.} Bd5 33. Bd3 Ke5 34. g4 Kd6 35. Rb5) 32... Kxe7 {KB-KB} 33. Ke3 Kd6 34. Kd4 f6 35. Bd3 Bf7 36. h5 gxh5 37. Bxh7 h4 38. Bf5 Bd5 39. Bc8 a5 40. Bh3 Bc6 41. Bf5 Bd5 42. Bh3 Bc6 43. Bf5 Bd5 44. Bg4 {Precision: White = 76%, Black = 70%.} 1/2-1/2

[Event "18th Bangkok Open 2018"]
[Site "Bangkok"]
[Date "2018.04.19"]
[Round "7"]
[White "Smirnov, Anton"]
[Black "Gareyev, Timur"]
[Result "1/2-1/2"]
[WhiteElo "2546"]
[BlackElo "2592"]
[Annotator "TA"]
[PlyCount "30"]
[EventDate "2018.??.??"]
[EventType "swiss"]
[EventCountry "THA"]
[SourceTitle "playchess.com"]
[Source "ChessBase"]
[SourceQuality "1"]

{[%evp 27,30,0,53,0,25]} 1. e4 c5 2. Nf3 Nc6 3. Nc3 d6 4. d4 cxd4 5. Nxd4 Nf6 6. f3 e5 7. Nb3 Be7 8. Be3 O-O 9. Qd2 a5 10. Bb5 Be6 11. O-O-O Na7 {B56: Classical Sicilian: Unusual Lines} (11... Qb8 12. g4 a4 13. Nxa4 d5 14. g5 d4 15. gxf6 dxe3 16. Qxe3 Bxf6 17. Bxc6 bxc6 18. Nbc5 Bxa2 19. Nd7 {½-½ (80) Vachier Lagrave,M (2796)-Grischuk,A (2761) Paris 2017}) 12. Be2 $146 ({Find the theoretical novelty and annotate with similar games:} 12. Bxa7 Rxa7 13. Kb1 Qb6 14. a4 Raa8 15. g4 Rfd8 16. g5 Nh5 17. h4 Nf4 18. Nd5 Bxd5 19. exd5 {1-0 (32) Tomczak,J (2596)-Annaberdiev,M (2485) Warsaw 2017}) 12... Nc8 13. Bb5 Na7 14. Be2 Nc8 {LiveBook: 8 Games} (14... Nc6 $11) 15. Bb5 Na7 1/2-1/2